Pukappurayude adisthaana khadana (Record no. 66090)

MARC details
000 -LEADER
fixed length control field 00311nam a2200133Ia 4500
100 ## - MAIN ENTRY--AUTHOR NAME
Personal name Francis T
245 #0 - TITLE STATEMENT
Title Pukappurayude adisthaana khadana
260 ## - PUBLICATION, DISTRIBUTION, ETC. (IMPRINT)
Name of publisher Rubber
Year of publication 2021
300 ## - PHYSICAL DESCRIPTION
Number of Pages 15-17
650 ## - SUBJECT ADDED ENTRY--TOPICAL TERM
Topical Term Pukappura
700 ## - ADDED ENTRY--PERSONAL NAME
Personal name Mathew Joseph C
942 ## - ADDED ENTRY ELEMENTS (KOHA)
Koha item type Journals
Holdings
Withdrawn status Lost status Damaged status Not for loan Home library Current library Shelving location Date acquired Serial Enumeration / chronology Koha item type
      Journals RRII Library RRII Library Rubber technology 17/12/2021 Volume 657, Issue February Journals